<?xml version="1.0" encoding="UTF-8"?>
<record
    xmlns:xsi="http://www.w3.org/2001/XMLSchema-instance"
    xsi:schemaLocation="http://www.loc.gov/MARC21/slim http://www.loc.gov/standards/marcxml/schema/MARC21slim.xsd"
    xmlns="http://www.loc.gov/MARC21/slim">

  <leader>00409nam a22001097a 4500</leader>
  <datafield tag="999" ind1=" " ind2=" ">
    <subfield code="c">6865</subfield>
    <subfield code="d">6865</subfield>
  </datafield>
  <controlfield tag="008">200401b           ||||| |||| 00| 0 eng d</controlfield>
  <datafield tag="245" ind1=" " ind2=" ">
    <subfield code="a">Ujenzi wa Uwezo wa Asasi za Kiraia Tanzania:</subfield>
    <subfield code="b">Taarifa ya Mwaka 2006/</subfield>
    <subfield code="c">The Foundation for Civil Society.-</subfield>
    <subfield code="h">English.</subfield>
  </datafield>
  <datafield tag="260" ind1=" " ind2=" ">
    <subfield code="a">Dar Es Salaam:</subfield>
    <subfield code="b">The Foundation for Civil Society,</subfield>
    <subfield code="c">2006.</subfield>
  </datafield>
  <datafield tag="300" ind1=" " ind2=" ">
    <subfield code="a">96p;</subfield>
    <subfield code="b">Pictures,</subfield>
    <subfield code="c">30cm.-</subfield>
  </datafield>
  <datafield tag="650" ind1=" " ind2=" ">
    <subfield code="2">CIVIL SOCIETIES</subfield>
  </datafield>
  <datafield tag="942" ind1=" " ind2=" ">
    <subfield code="2">ddc</subfield>
    <subfield code="c">BOOKS</subfield>
  </datafield>
</record>
